Normal view
MARC view
Entry Término temático
001 - NÚMERO DE CONTROL
- campo de control: 82160
003 - IDENTIFICADOR DEL NÚMERO DE CONTROL
- campo de control: DO-SdBNP
005 - FECHA Y HORA DE LA ÚLTIMA TRANSACCIÓN
- campo de control: 20220804115638.0
008 - DATOS DE LONGITUD FIJA
- campo de control de longitud fija: 220804|| aca||aabn | a|a d
040 ## - FUENTE DE LA CATALOGACIÓN
- Centro catalogador/agencia de origen: DO-SdBNP
- Centro/agencia transcriptor: DO-SdBNP
150 ## - ENCABEZAMIENTO--TÉRMINO DE MATERIA
- Término de materia o nombre geográfico como elemento de entrada: Adminsitración Pública
- Subdivisión de forma: Ensayos, Conferencias, etc.
- Subdivisión geográfica: Nicaragua
670 ## - FUENTE DE DATOS ENCONTRADOS
- Cita de la fuente: Work cat.: (DO-SdBNP)51376: La búsqueda del mérito en burocracias clientelistas centroamericanas:, 2015
